000 00218nam a2200097Ia 4500
008 220204s9999 xx 000 0 und d
082 _a82-3
_bSTE
100 _aSteinbeck, John
245 0 _aTo a God unknown
942 _cBK
999 _c34025
_d34025